| 000 | 00504pab a2200157 454500 | ||
|---|---|---|---|
| 008 | 180718b2001 xxu||||| |||| 00| 0 eng d | ||
| 100 | _aMehra, Vandana | ||
| 245 | _aEffect of Inductive thinking model and advance organizer model on retention in educational technology of B.Ed. students | ||
| 260 | _c2001 | ||
| 300 | _ap.136-57. | ||
| 650 | _aTeacher education | ||
| 650 | _aInservice teacher education | ||
| 700 | _aKhare, Sharad Bala | ||
| 773 | _aSocial Science Research Journal | ||
| 909 | _a51842 | ||
| 999 |
_c51842 _d51842 |
||